000
00343 a2200157 4500
001
58114
020
_a
040
_c
Anchieta - Pituba
100
_a
Paiva, José Rodrigues de
240
1
0
_a
Os frutos do silêncio
_l
por
245
1
0
_a
Os frutos do silêncio
300
_a
88
362
0
_a
1980
650
4
_a
Poesia brasileira
942
_c
BK
999
_c
58114
_d
58114